000 01051nam a2200253Ia 4500
001 8414
003 GE_BSU
008 181216s||||||||xx |||||||||||||| ||und||
020 _a5505014763
040 _cGE_BSU
080 _a821.353.1-32+821.353.1-92
100 _aვაჟა-ფშაველა
245 _aთხზულებანი. ორ ტომად. ტ.2 მოთხრობები,პუბლიცსტიკა წერილები
245 _cშემდგ. გივი ბოლქვაძე. მხატვ. ლორეტა შენგელია, ზურაბ ფორჩხიძე
250 _aმე–2გამოც.
260 _aთბილისი
260 _bგანათლება
260 _c1990
300 _a462გვ.20სმ.ილ.
653 _aთხზულებანი
653 _aლექსები,პოემები
653 _aმოთხრობები,პუბლიცსტიკა წერილები
942 _cBK
999 _c41733
_d41733